Sports Quiz

Random Sports or Olympics Quiz

Most successful olympic athletes Quiz Stats

Quiz not verified by Sporcle

Also try: Big 4 First Four
Challenge
Share
Tweet
Embed
Score 0/13 Timer 02:00
0 Plays Today
% Correct
Michael Phelps
93.1%
Bjørn Dæhlie
65.5%
Paavo Nurmi
62.1%
Birgit Fischer
58.6%
Jenny Thompson
58.6%
Larisa Latynina
55.2%
Dara Torres
55.2%
Alexei Nemov
55.2%
Nikolay Andrianov
51.7%
Boris Shakhlin
51.7%
Takashi Ono
48.3%
Edoardo Mangiarotti
37.9%
Sawao Kato
34.5%

You're not logged in!

Compare scores with friends on all Sporcle quizzes.
Sign Up with Email
OR
Log In

You Might Also Like...

Show Comments

Extras

Top Quizzes Today


Score Distribution

Your Account Isn't Verified!

In order to create a playlist on Sporcle, you need to verify the email address you used during registration. Go to your Sporcle Settings to finish the process.